000
00254nam a2200097Ia 4500
001
719872
005
20250826163221.0
008
250824s9999 xx 000 0 und d
245
0
_a
BEN HİÇBİR ŞEY SÖYLEMEDİM
_c
AHMET TELLİ
260
_b
EVEREST YAYINLARI
999
_c
719872
_d
719872